000 00894nam a2200277 i 4500
003 EG-GICUC
005 20260203125044.0
008 260203s1914 us |||fr||||| 000 0enga d
040 _aEG-GiCUC
_beng
_cEG-GiCUC
_dEG-GiCUC
_eRda
082 0 4 _221
_a341.73
_bCA
092 0 4 _221
099 _aLaw1 11 341.73 CA 1914
245 0 0 _aCarnegie Endowment for International Peace :
_bYear Book for 1913-1914 /
_c
_n
264 1 _aWashington :
_bJackson Place,
_c1914 .
300 _a203page :
_billustration ;
_c 24 cm.
336 _2rda contenu
_a texte
337 _2rda medias
_aOrdinateur
338 _2 transporteur rda
_a Ressource en ligne
504 _aBibliography: pages 200-250.
546 _aText in English
650 1 4 _aPublic international law
_2
651 1 _2
856 4 0 _uhttps://fll.law.cu.edu.eg/fulltext/bks/B11-05557.pdf
905 _a50
942 _2ddc
_cBK
_e21
_n0
999 _c60530
_d60530